42 pensamientos / (Record no. 29709)

MARC details
000 -LEADER
campo de control de longitud fija 00489nam a2200169 i 4500
001 - NÚMERO DE CONTROL
campo de control 29709
003 - IDENTIFICADOR DE NÚMERO DE CONTROL
campo de control ES-MaACL
005 - FECHA Y HORA DE LA ÚLTIMA TRANSACCIÓN
campo de control 20230906154057.0
007 - CAMPO FIJO DE DESCRIPCIÓN FÍSICA--INFORMACIÓN GENERAL
campo de control de longitud fija t|
008 - DATOS DE LONGITUD FIJA--INFORMACIÓN GENERAL
campo de control de longitud fija 030122s1955 sp ||||1| spa d
100 1# - ENTRADA PRINCIPAL--NOMBRE DE PERSONA
Nombre de persona Ballesteros Moreno, I.
9 (RLIN) 25061
245 10 - MENCIÓN DEL TÍTULO
Título 42 pensamientos /
Mención de responsabilidad, etc. I. Ballesteros Moreno.
260 ## - PUBLICACIÓN, DISTRIBUCIÓN, ETC.
Lugar de publicación, distribución, etc. Albacete :
Nombre del editor, distribuidor, etc. [s.n.,
Fecha de publicación, distribución, etc. 1955] (
Fabricante Tip. Antonio González)
300 ## - DESCRIPCIÓN FÍSICA
Extensión 62 p. ;
Dimensiones 17 cm.
740 0# - ENTRADA AGREGADA--TÍTULO RELACIONADO/ANALÍTICO NO CONTROLADO
Título relacionado o analítico no controlado Cuarenta y dos pensamientos.
852 ## - LOCALIZACIÓN
Ubicación ES-MaACL
Número de control de estantería C-36842
Sublocalización o colección R.67180
Holdings
Estatus retirado Estado de pérdida Estado de daño No para préstamo Biblioteca de origen Biblioteca actual Ubicación en estantería Fecha de adquisición Fuente de adquisición Total de préstamos Signatura topográfica completa Código de barras Visto por última vez Precio de reemplazo Tipo de ítem Koha
        Biblioteca del Ateneo de Madrid Biblioteca del Ateneo de Madrid Depósito 2 17/01/2008     C-36842 1030674 23/02/2023 23/02/2023 Libro impreso